000 00843nam a22002897a 4500
001 0056216
003 KOHA_MİRAKIL
005 20260207004042.0
007 ta
008 160308b2013 tu a|||gr||||#0|||1|tur |
020 _a9786055176105
040 _aTR-BiSEU
_btur
_cTR-BiSEU
_erda
041 0 _atur
044 _ctu
050 _aPE1111
_b.F37 2013
245 0 _aFarklı boyutlarıyla yabancı dil öğrenimi ve öğretimi/
_cEditör Yusuf Şahin.
264 1 _aKonya :
_bEğitim Kitabevi
_c2013
300 _a192 sayfa :
_bresimli ;
_c23 cm.
336 _ametin
_btxt
_2rdacontent
337 _aaracısız
_bn
_2rdamedia
338 _acilt
_bnc
_2rdacarrier
650 0 _aYabancı dil eğitimi--Türkiye.
_9103947
650 0 _aDil çatışmaları.
_9104125
650 0 _aDİl oluşumu.
_9104126
907 _aDil
942 _2lcc
_cBK
999 _c56024
_d56024